Central Library OPAC University of Rajshahi

The development of the Soviet economic system : (Record no. 46038)

MARC details
000 -LEADER
fixed length control field 00991nam a2200241 a 4500
001 - CONTROL NUMBER
control field 46038
003 - CONTROL NUMBER IDENTIFIER
rucl marc code BD-RjUL
005 - DATE AND TIME OF LATEST TRANSACTION
control field 20211209054112.0
008 - FIXED-LENGTH DATA ELEMENTS--GENERAL INFORMATION
fixed length control field 160730s1946 enk b 001 0 eng d
035 ## - SYSTEM CONTROL NUMBER
System control number (BD-RjUL)46156
040 ## - CATALOGING SOURCE
Language of cataloging eng
Modifying agency BD-RjUL
Original cataloging agency BD-RjUL
Transcribing agency BD-RjUL
041 ## - LANGUAGE CODE
Language code of text/sound track or separate title eng
082 ## - DEWEY DECIMAL CLASSIFICATION NUMBER
Classification number 338.947
Edition number 23
Author mark and year BAD 1946
100 1# - MAIN ENTRY--PERSONAL NAME
Personal name Baykov, Alexander,
Dates associated with a name 1899-
9 (RLIN) 138864
245 14 - TITLE STATEMENT
Title The development of the Soviet economic system :
Remainder of title an essay on the experience of planning in the U.S.S.R. /
Statement of responsibility, etc. by Alexander Baykov.
260 ## - PUBLICATION, DISTRIBUTION, ETC. (IMPRINT)
Place of publication, distribution, etc. Cambridge :
Name of publisher, distributor, etc. Cambridge University Press,
Date of publication, distribution, etc. 1946.
300 ## - PHYSICAL DESCRIPTION
Pagination xv, 514 p. :
Illustrations Ill. ;
Size 23 cm.
490 1# - SERIES STATEMENT
Series statement The National Institute of Economic and Social Research : Economic and social studies ;
Volume/sequential designation 5
504 ## - BIBLIOGRAPHY, ETC. NOTE
Bibliography, etc Includes bibliographical references (p. [480]-495) and index.
651 #0 - SUBJECT ADDED ENTRY--GEOGRAPHIC NAME
Geographic name Soviet Union
General subdivision Economic policy.
9 (RLIN) 132465
830 #0 - SERIES ADDED ENTRY--UNIFORM TITLE
Uniform title The National Institute of Economic and Social Research : Economic and social studies ;
Volume number/sequential designation 5
942 ## - ADDED ENTRY ELEMENTS (KOHA)
Source of classification or shelving scheme Dewey Decimal Classification
Koha item type Books
Holdings
Lost status Source of classification or shelving scheme Damaged status Not for loan Collection code Permanent Location Current Location Shelving location Date acquired Source of acquisition Cost, normal purchase price Total Checkouts Full call number Date last seen Copy number Koha item type
  Dewey Decimal Classification   Not For Loan Non-fiction Central Library, University of Rajshahi Central Library, University of Rajshahi Reading Room 09/11/1961 Author 0.00   338.947 BAD 1946 30/07/2016 C-1 Books